Tubes prélèvements sanguins - Statistiques

Statistiques générales
  • Ce quiz a été pris 90 fois
  • Le résultat moyen est 8 sur 16
Statistiques - réponses
Hint Réponse % Correct
NFS Violet
97%
Plaquettes Violet
69%
Groupe sanguin Violet
67%
Iono Vert
65%
Glycémie Gris
64%
Facteur de coag. Bleu
60%
D-dimères Bleu
57%
TP/ INR Bleu
57%
BNP Violet
51%
Cholestérol Tube sec
39%
CPK Tube sec
38%
Troponine Tube sec
38%
CRP Tube sec
36%
Albumine Tube sec
36%
Créatinine Tube sec
36%
Béta HCG Tube sec
35%
Aucun quiz correspondant
Distribution des résultats
% des personnes avec chaque résultat
Percentile par nombre de réponses
Votre historique - résultats
Vous n’avez pas pris ce quiz